Famous Jazz Musicians - Statistics

General Stats
  • This quiz has been taken 252 times
  • The average score is 12 of 20
Answer Stats
Picture Answer % Correct
Armstrong
96%
Davis
87%
Fitzgerald
84%
Coltrane
83%
Ellington
74%
Parker
74%
Mingus
72%
Cole
64%
Monk
64%
Hancock
63%
Gillespie
60%
Simone
58%
Evans
57%
Basie
53%
Corea
47%
Blakey
44%
Gershwin
43%
Adderley
37%
Waller
34%
Hampton
13%
No matching quizzes found
Score Distribution
Percent of People with Each Score
Percentile by Number Answered
Your Score History
You have not taken this quiz